000 00683cam a22002413a 4500
001 2661
003 PGUSA
005 20140828083020.0
008 060522s2006||||xxu|||||s|||||000 1 eng d
040 _aPGUSA
_beng
042 _adc
050 4 _aPS
100 1 _aHarte, Bret,
_d1836-1902
245 1 4 _aThe Story of a Mine
_h[electronic resource] /
_cBret Harte
260 _bProject Gutenberg,
_c2006
506 _aPublic domain in the USA.
516 _aElectronic text
653 _aAmerican fiction -- 19th century
653 _aMines and mineral resources -- Fiction
830 0 _aProject Gutenberg
_v2661
856 4 0 _uhttp://www.gutenberg.org/ebooks/2661
942 _cEB
999 _c231994
_d231994